Normal view
MARC view
- Popular culture
Entry Topical Term
001 - CONTROL NUMBER
- control field: 119423
003 - CONTROL NUMBER IDENTIFIER
- control field: NUST
005 - DATE AND TIME OF LATEST TRANSACTION
- control field: 20231130161852.0
008 - FIXED-LENGTH DATA ELEMENTS
- fixed length control field: 231130|| aca||aabn | a|a d
040 ## - CATALOGING SOURCE
- Original cataloging agency: NUST
- Transcribing agency: NUST
150 ## - HEADING--TOPICAL TERM
- Topical term or geographic name entry element: Popular culture
- General subdivision: Study and teaching
670 ## - SOURCE DATA FOUND
- Source citation: Work cat.: (NUST)3560: Taylor, Paul A., 1967- 119417, Critical theories of mass media, 2008.
